Why we are not Hindus / (Record no. 102438)

MARC details
000 -LEADER
fixed length control field 00978nam a22002537a 4500
005 - DATE AND TIME OF LATEST TRANSACTION
control field 20170731145215.0
010 ## - LCCN (DPL NO)
LC control number 1617EN ENG-117449
020 ## - INTERNATIONAL STANDARD BOOK NUMBER
International Standard Book Number 9789350023754
Terms of availability 395.00
035 ## - SYSTEM CONTROL NUMBER
System control number B-649172-179
035 ## - SYSTEM CONTROL NUMBER
System control number EN-100981
035 ## - SYSTEM CONTROL NUMBER
System control number B-667300
037 ## - SOURCE OF ACQUISITION
Stock number dpl
Source of stock number/acquisition Aakar
037 ## - SOURCE OF ACQUISITION
Source of stock number/acquisition DBAD/PUB
082 ## - DEWEY DECIMAL CLASSIFICATION NUMBER
Classification number 294.5
100 ## - MAIN ENTRY--PERSONAL NAME
Personal name Jal, Murzban
245 ## - TITLE STATEMENT
Title Why we are not Hindus /
Statement of responsibility, etc by Murzban Jal
260 ## - PUBLICATION, DISTRIBUTION, ETC. (IMPRINT)
Place of publication, distribution, etc Delhi
Name of publisher, distributor, etc Aakar
Date of publication, distribution, etc 2015
270 ## - ADDRESS
Address 28 E Pocket-IV, Mayur Vihar Phase-I,
City Delhi
Postal code 110091
300 ## - PHYSICAL DESCRIPTION
Extent 144p.
Dimensions 23cm(HB)
500 ## - GENERAL NOTE
General note Includes index
942 ## - ADDED ENTRY ELEMENTS (KOHA)
Source of classification or shelving scheme Dewey Decimal Classification
Item type English Books
Call number suffix JAL
Classification part 294.5
Holdings
Withdrawn status Lost status Not for loan Collection code Home library Current library Date acquired Source of acquisition Cost, normal purchase price Full call number Barcode Copy number Cost, replacement price Koha item type
      Non-fiction Ashok Vihar Ashok Vihar 31/07/2017 BPPD/EN/2016-17/AV/16-17/451/15.2.2017/I-3323/1.3.2017/ 17.3.2017 395.00 294.5 JAL B-667300 1 395.00 English Books
      Non-fiction Bagh Kadhe Khan Bagh Kadhe Khan 06/03/2017 BPPD/EN/2016-17/285/24.11.2016/I-2562/3.12.2016/2.1.2017 395.00 294.5 JAL B-649177 1 395.00 English Books
      Non-fiction Central Library Central Library 06/03/2017 DBAD 395.00 230 JAL EN-100981 1 395.00 English Books
      Non-fiction Central Library Central Library 06/03/2017 BPPD/EN/2016-17/285/24.11.2016/I-2562/3.12.2016/2.1.2017 395.00 294.5 JAL B-649172 1 395.00 English Books
      Non-fiction Karol Bagh Karol Bagh 06/03/2017 BPPD/EN/2016-17/285/24.11.2016/I-2562/3.12.2016/2.1.2017 395.00 294.5 JAL B-649175 1 395.00 English Books
      Non-fiction New Rohtak Road New Rohtak Road 06/03/2017 BPPD/EN/2016-17/285/24.11.2016/I-2562/3.12.2016/2.1.2017 395.00 294.5 JAL B-649176 1 395.00 English Books
      Non-fiction Patel Nagar Patel Nagar 06/03/2017 BPPD/EN/2016-17/285/24.11.2016/I-2562/3.12.2016/2.1.2017 395.00 294.5 JAL B-649173 1 395.00 English Books
      Non-fiction R.C.Libraries (BL-IV) R.C.Libraries (BL-IV) 06/03/2017 BPPD/EN/2016-17/285/24.11.2016/I-2562/3.12.2016/2.1.2017 395.00 294.5 JAL B-649179 1 395.00 English Books
      Non-fiction Sarojini Nagar Sarojini Nagar 06/03/2017 BPPD/EN/2016-17/285/24.11.2016/I-2562/3.12.2016/2.1.2017 395.00 294.5 JAL B-649174 1 395.00 English Books
      Non-fiction Shahdara Branch Shahdara Branch 06/03/2017 BPPD/EN/2016-17/285/24.11.2016/I-2562/3.12.2016/2.1.2017 395.00 294.5 JAL B-649178 1 395.00 English Books

© Delhi Public Library
Hit Counter
free hit counter